Bekannte Persönlichkeiten aus Sachsen - Statistiken

Allgemein
  • Dieses Quiz wurde 152 mal gespielt
  • Das Durchschnittsergebnis liegt bei 9 aus 20
Antwortstatistiken
Geburtsjahr Geburtsort Hinweis Person % Korrekt
1899 Dresden Autor (u.a. "Emil und die Detektive", "Das fliegende Klassenzimmer") Erich Kästner
86%
1842 (Hohenstein-)Ernstthal Schriftsteller (Winnetou) Karl May
84%
1813 Leipzig Komponist ("Der fliegende Holländer", "Der Ring des Nibelungen") Richard Wagner
70%
1729 Kamenz Dichter der Aufklärung ("Nathan der Weise", "Emilia Galotti") Gotthold Ephraim Lessing
64%
1968 Leipzig Fernsehmoderatorin (Bauer sucht Frau) und Sängerin Inka Bause
64%
1819 / 1810 Leipzig / Zwickau Ehepaar, Komponisten der Romantik {Clara} & {Robert Schumann}
56%
1964 Dresden Schauspieler, Rechtsmediziner Boerne im Tatort (Münster) Jan Josef Liefers
55%
1967 Plauen Kabarettist und Comedian, bekannt durch Auftritte in der heute-show und im Quatsch Comedy Club Olaf Schubert
55%
1937 Morgenröthe-Rautenkranz (Muldenhammer) Kosmonaut, erster Deutscher im Weltraum Sigmund Jähn
55%
1873 Dresden entwickelte 1908 den Einweg-Kaffeefilter Melitta Bentz
54%
1913 Oberplanitz (Zwickau) Schauspieler, spielte 1964 den Goldfinger im gleichnamigen James Bond-Film, sowie 1958 eine Hauptrolle in "Es geschah am hellichten Tag" Gert Fröbe
48%
1499 Lippendorf (Neukieritzsch) Adelige und Nonne, Ehefrau von Martin Luther Katharina von Bora
47%
1964 Steinheidel-Erlabrunn ehemaliger Skispringer, mehrfacher Olympiasieger, Weltmeister und Vierschanzentourneesieger Jens Weißflog
46%
1984 Bautzen Sängerin von Silbermond Stefanie Kloß
35%
1646 Leipzig Universalgelehrter, v.a. bekannt als Philosoph und Mathematiker Gottfried Wilhelm Leibniz
34%
1932 Dresden Maler, Bildhauer und Fotograf, dessen Werke zu den Teuersten eines lebenden Künstlers zählen, entwarf u.a. ein Fenster im Kölner Dom Gerhard Richter
25%
1755 Meißen Arzt und Begründer der Homöopathie Samuel Hahnemann
20%
1919 Leipzig Politikerin (SPD), erste Präsidentin des Bundestages Annemarie Renger
18%
1883 Wurzen Schriftsteller, Kabarettist und Maler, erfand die Kunstfigur Kuttel Daddeldu, Autor diverser Gedichtbände (darunter "Die Schnupftabaksdose") Joachim Ringelnatz
13%
1876 Dresden Malerin des frühen Expressionismus, schuf 750 Gemälde, darunter diverse Porträts und Selbstbildnisse Paula Modersohn-Becker
9%
Keine übereinstimmenden Quizze gefunden
Verteilung der Resultate
Anzahl Personen mit jedem Resultat
Perzentil nach korrekt beantworteten Fragen
Ihre Resultats-Entwicklung
Sie haben dieses Quiz noch nicht gespielt